| 000 | 01064nam a2200265Ia 4500 | ||
|---|---|---|---|
| 003 | OSt | ||
| 005 | 20210902170931.0 | ||
| 008 | 210310t2013 eu ad fr 000 0deng d | ||
| 020 | _a9781429240024 | ||
| 040 |
_aCO-JMCR _cCO-JMCR |
||
| 041 | 0 | _aeng | |
| 082 | 0 | 4 |
_a339 / _bM278m3 _223 |
| 100 | 1 |
_aMankiw, Nicholas Gregory, _917334 _eautor |
|
| 245 | 1 | 0 |
_aMacroeconomics / _cN. Gregory Mankiw |
| 250 | _aEighth edition | ||
| 260 |
_aNew York : _bWorth Publishers, _c©2013 |
||
| 300 |
_axxxvi, 625 páginas : _bilustraciones y gráficas a color ; _c25 cm. |
||
| 500 | _aIncluye notas a pie de página, glosario y datos biográfico del autor. | ||
| 505 | 0 | _aClassical theory: the economy in the Long Run -- Growth theory: the economy in the very long run -- Business cycle theory: the economy in the short run -- Topics in macroeconomic theory -- Topics in macroeconomic policy | |
| 650 | 1 | 4 |
_aMacroeconomía _917336 |
| 650 | 2 | 4 |
_aDesarrollo económico _939939 |
| 650 | 2 | 4 |
_aPolítica económica _939940 |
| 650 | 2 | 4 |
_aEconomía _939941 |
| 942 |
_2ddc _cBK |
||
| 999 |
_c8459 _d8459 |
||